Common Knowledge #13 - Statistics

General Stats
  • This quiz has been taken 1,321 times
  • The average score is 14 of 20
Answer Stats
Hint Answer % Correct
Which blood cells fight disease? White
97%
What color is the middle stripe of the French flag? White
97%
In the Bible, who built an ark? Noah
96%
Whose nose grew longer every time he lied? Pinocchio
94%
What's the capital of Germany? Berlin
91%
What is the first letter of the Greek alphabet? Alpha
86%
What team did Kobe Bryant play for during his entire career? Los Angeles Lakers
83%
What do you call an animal that eats both plant and meat? Omnivore
82%
What does the white dove symbolize? Peace
82%
In which modern-day country did the Aztecs live in? Mexico
80%
Which Dutch painter cut off a part of his ear? Van Gogh
77%
Which soft green egg-shaped fruit comes from New Zealand? Kiwi
76%
What company was first to be worth 1 trillion dollars? Apple
71%
Which is the sport where you could be out “leg before wicket” or “hit a six”? Cricket
68%
What volcano destroyed Pompeii in 79 ADC/AD? Mount Vesuvius
65%
In Sesame Street, who lives in a trash can? Oscar the Grouch
60%
Where was jazz created? U.S
42%
Which bone are babies born without? Kneecap
32%
Where did U.S. immigrants arrive from 1890-1950? Ellis Island
31%
In MPH/km, how fast does the Earth spin? 1,000 | 1,600
26%
No matching quizzes found
Score Distribution
Percent of People with Each Score
Percentile by Number Answered
Your Score History
You have not taken this quiz